000 01353nam a22003737a 4500
003 CHAP
005 20220329135612.0
008 971013s1995 r 00010 d
010 _a39160
011 _a40132
035 _a44257
040 _cCHAP
090 _aTesis
100 0 0 _aPallares Hernández, Luis Jorge.
_984927
245 _aProducción de geranio (Pelargonium x hortorum L. H. Bailey) en maceta bajo condiciones de invernadero en la región de Texcoco, Estado de México
260 _aChapingo, Méx. :
_bEl autor,
_c1995
300 _a68 h.
502 _aTesis (Ing. Agr. Fitotecnista) -- UACH. Departamento de Fitotecnia
590 _aALEPH
_b10
_c20130110
_lUCH01
_h1306
590 _aBATCH-UPD
_b10
_c20130110
_lUCH01
_h0141
590 _aBATCH-UPD
_b10
_c20130110
_lUCH01
_h1639
590 _aBATCH-UPD
_b10
_c20130409
_lUCH01
_h2139
590 _aBATCH-UPD
_b10
_c20130410
_lUCH01
_h1030
590 _aBATCH-UPD
_b10
_c20130914
_lUCH01
_h1128
590 _aCONVERSION
_b10
_c20130109
_lUCH01
_h1322
650 1 4 _aCultivos en invernadero.
_930376
650 1 4 _aGeranios
_xPropagación.
_947696
650 1 4 _aPropagación de flores.
_992412
650 1 4 _aSiembra en maceta.
_9105841
901 _aBK
942 _cFOLL
949 _bBC
_cTES
_d-101410
_eTS1
_h27727
_i44257
_si
949 _bBC
_cTES
_d33724000005930
_eTS2
_fc.2
_h27728
_i44257
_si
999 _c39160
_d39160